<?xml version="1.0" encoding="UTF-8"?>
<record
    xmlns:xsi="http://www.w3.org/2001/XMLSchema-instance"
    xsi:schemaLocation="http://www.loc.gov/MARC21/slim http://www.loc.gov/standards/marcxml/schema/MARC21slim.xsd"
    xmlns="http://www.loc.gov/MARC21/slim">

  <leader>02776cam a22002775a 4500</leader>
  <datafield tag="999" ind1=" " ind2=" ">
    <subfield code="c">27323</subfield>
    <subfield code="d">27294</subfield>
  </datafield>
  <controlfield tag="005">20190404120104.0</controlfield>
  <controlfield tag="008">170810t2019    maua   fr     001 0 eng d</controlfield>
  <datafield tag="020" ind1=" " ind2=" ">
    <subfield code="a">9781337567480</subfield>
  </datafield>
  <datafield tag="020" ind1=" " ind2=" ">
    <subfield code="a">1337567485</subfield>
  </datafield>
  <datafield tag="040" ind1=" " ind2=" ">
    <subfield code="a">DLC</subfield>
    <subfield code="b">eng</subfield>
    <subfield code="c">DLC</subfield>
    <subfield code="d">EG-ScBUE</subfield>
    <subfield code="d">EG-ScBUE</subfield>
  </datafield>
  <datafield tag="082" ind1="0" ind2="4">
    <subfield code="a">629.25040288</subfield>
    <subfield code="b">GIL</subfield>
    <subfield code="2">22</subfield>
  </datafield>
  <datafield tag="100" ind1="1" ind2=" ">
    <subfield code="a">Gilles, Tim.</subfield>
  </datafield>
  <datafield tag="245" ind1="1" ind2="0">
    <subfield code="a">Automotive engines :</subfield>
    <subfield code="b">diagnosis, repair and rebuilding /</subfield>
    <subfield code="c">Tim Gilles.</subfield>
  </datafield>
  <datafield tag="250" ind1=" " ind2=" ">
    <subfield code="a">8th. ed.</subfield>
  </datafield>
  <datafield tag="260" ind1=" " ind2=" ">
    <subfield code="a">Boston :</subfield>
    <subfield code="b">Cengage Learning,</subfield>
    <subfield code="c">c.2019.</subfield>
  </datafield>
  <datafield tag="300" ind1=" " ind2=" ">
    <subfield code="a">xvii, 729 p. :</subfield>
    <subfield code="b">ill. (col.) ;</subfield>
    <subfield code="c">28 cm.</subfield>
  </datafield>
  <datafield tag="500" ind1=" " ind2=" ">
    <subfield code="a">Includes index.
</subfield>
  </datafield>
  <datafield tag="500" ind1=" " ind2=" ">
    <subfield code="a">Includes glossary.</subfield>
  </datafield>
  <datafield tag="500" ind1=" " ind2=" ">
    <subfield code="a">Includes QR code.</subfield>
  </datafield>
  <datafield tag="520" ind1=" " ind2=" ">
    <subfield code="a">This comprehensive resource provides detailed content on the theory of operation, diagnosis, repair, and rebuilding of automotive engines. Students will gain essential technical expertise as they develop the skills and knowledge they need for professional success, including critical thinking and awareness of key industry trends and practices. AUTOMOTIVE ENGINES: DIAGNOSIS, REPAIR, AND REBUILDING, Eighth Edition, emphasizes universal repair techniques and case histories based on real-world scenarios to prepare users for careers in the field. Instructor resources include lesson plans, customizable lab sheets that address ASE Education Foundation Standards, a customizable test bank with questions based on chapter content, PowerPoint&#xAE; presentations, and more. Now updated with new, full-color images and information on the latest trends, tools, and technology&#x2014;including hybrid engines and high-performance components&#x2014;this trusted resource is the ideal choice for automotive program instructors who want a complete teaching package for their Engines course.

</subfield>
  </datafield>
  <datafield tag="520" ind1=" " ind2=" ">
    <subfield code="a">The Eighth Edition includes updated information on cooling and lubrication systems, reflecting recent advances in engine technology and current trends and practices in the field.
The author has updated and added new case histories highlighting relevant real-world situations, providing more opportunities for students to hone critical-thinking skills and explore practical applications of key concepts covered in the text.
New Vintage Engines features provide useful context to help students appreciate newer technologies within a broader historical perspective; features present interesting facts about older technologies alongside relevant photographs.
A dedicated section on high performance includes three chapters with the newest information on engine breathing, including intake and exhaust manifolds, turbocharging, supercharging, high-performance camshafts, and variable valve timing.</subfield>
  </datafield>
  <datafield tag="650" ind1=" " ind2="7">
    <subfield code="a">Automobiles</subfield>
    <subfield code="x">Motors</subfield>
    <subfield code="x">Maintenance and repair.</subfield>
    <subfield code="2">BUEsh</subfield>
  </datafield>
  <datafield tag="651" ind1=" " ind2=" ">
    <subfield code="2">BUEsh</subfield>
  </datafield>
  <datafield tag="653" ind1=" " ind2=" ">
    <subfield code="b">ENGMEC</subfield>
    <subfield code="c">March2019</subfield>
  </datafield>
  <datafield tag="942" ind1=" " ind2=" ">
    <subfield code="2">ddc</subfield>
  </datafield>
  <datafield tag="952" ind1=" " ind2=" ">
    <subfield code="0">0</subfield>
    <subfield code="1">0</subfield>
    <subfield code="2">ddc</subfield>
    <subfield code="4">0</subfield>
    <subfield code="7">0</subfield>
    <subfield code="8">Alahram</subfield>
    <subfield code="a">MAIN</subfield>
    <subfield code="b">MAIN</subfield>
    <subfield code="c">1ST</subfield>
    <subfield code="d">2019-03-30</subfield>
    <subfield code="e">Purchase</subfield>
    <subfield code="g">815.00</subfield>
    <subfield code="h">524</subfield>
    <subfield code="l">1</subfield>
    <subfield code="m">9</subfield>
    <subfield code="o">629.25040288 GIL</subfield>
    <subfield code="p">000043297</subfield>
    <subfield code="r">2025-07-15 00:00:00</subfield>
    <subfield code="s">2022-10-04</subfield>
    <subfield code="v">1018.75</subfield>
    <subfield code="y">BB</subfield>
  </datafield>
</record>
